Quadratzahlen - Statistiken

Allgemein
  • Dieses Quiz wurde 29.365 mal gespielt
    11.992 seit der letzten Aktualisierung
  • Das Durchschnittsergebnis liegt bei 18 aus 30
Antwortstatistiken
Zahl Ergebnis % Korrekt
1
100%
4
100%
16
99%
25
99%
36
99%
9
99%
10² 100
98%
49
98%
81
98%
64
97%
11² 121
94%
12² 144
90%
13² 169
79%
15² 225
70%
14² 196
67%
20² 400
64%
16² 256
50%
30² 900
45%
17² 289
40%
18² 324
36%
19² 361
33%
21² 441
30%
25² 625
26%
22² 484
24%
23² 529
17%
24² 576
15%
26² 676
11%
27² 729
9%
28² 784
7%
29² 841
7%
Keine übereinstimmenden Quizze gefunden
Verteilung der Resultate
Anzahl Personen mit jedem Resultat
Perzentil nach korrekt beantworteten Fragen
Ihre Resultats-Entwicklung
Sie haben dieses Quiz seit der letzten Aktualisierung nicht gespielt